[Event "Chigorin Memorial"]
[Site "St Petersburg"]
[Date "2016.10.21"]
[Round "7.120"]
[White "Paramzina, Anastasya"]
[Black "Dushin, Nikolay"]
[Result "1-0"]
[WhiteElo "2221"]
[BlackElo "1948"]
[PlyCount "55"]
[EventDate "2016.10.15"]
[EventType "swiss"]
[EventRounds "9"]
[EventCountry "RUS"]

1. e4 c6 2. d4 d5 3. Nc3 dxe4 4. Nxe4 Nd7 5. Ng5 Ngf6 6. Bd3 e6 7. Qe2 Bd6 8.
N1f3 h6 9. Ne4 Nxe4 10. Qxe4 Nf6 11. Qe2 c5 12. dxc5 Bxc5 13. Bd2 Bd7 14. Ne5
a6 15. O-O-O Qb6 16. f4 Bb5 17. Nc4 Bxc4 18. Bxc4 O-O 19. g4 Rfd8 20. g5 Nd5
21. gxh6 gxh6 22. f5 Bd4 23. c3 Bg7 24. Rhg1 Kf8 25. fxe6 Qxe6 26. Qg2 Be5 27.
Bxd5 Rxd5 28. Qxd5 1-0

[Event "Chigorin Memorial"]
[Site "St Petersburg"]
[Date "2016.10.21"]
[Round "7.121"]
[White "Tsvetkov, Andrey"]
[Black "Semenenko, Sergey"]
[Result "1-0"]
[WhiteElo "1992"]
[BlackElo "2184"]
[PlyCount "101"]
[EventDate "2016.10.15"]
[EventType "swiss"]
[EventRounds "9"]
[EventCountry "RUS"]

1. d4 Nf6 2. c4 e6 3. Nc3 Bb4 4. e3 c5 5. Nge2 cxd4 6. exd4 d5 7. a3 Bxc3+ 8.
Nxc3 dxc4 9. Bxc4 Nc6 10. Be3 O-O 11. O-O b6 12. Qd2 Bb7 13. Rad1 Na5 14. Bd3
Nd5 15. Bg5 Qd7 16. Rfe1 Rac8 17. Bb5 Bc6 18. Ba6 Nxc3 19. bxc3 Qd5 20. Bf1 Nc4
21. Qc1 f6 22. Bf4 Rfe8 23. Rd3 Bb7 24. Rg3 Re7 25. Bd3 f5 26. h4 Rf7 27. h5 b5
28. Be2 Qd7 29. Bxc4 Rxc4 30. Be5 Rc8 31. Qf4 Re8 32. Ree3 Ree7 33. Rg5 Qe8 34.
Reg3 Bd5 35. Qh4 f4 36. Bxf4 Rf5 37. Rxf5 exf5 38. Be5 Rf7 39. Qf4 Be6 40. Qh6
Qe7 41. Bxg7 Rxg7 42. Rxg7+ Qxg7 43. Qxe6+ Qf7 44. Qxf7+ Kxf7 45. Kh2 Kf6 46.
Kg3 Kg5 47. d5 f4+ 48. Kf3 Kf5 49. d6 Ke6 50. Kxf4 Kxd6 51. Ke4 1-0

[Event "Chigorin Memorial"]
[Site "St Petersburg"]
[Date "2016.10.21"]
[Round "7.122"]
[White "Zlatin, Alexander"]
[Black "Shinkevich, Maksim"]
[Result "1-0"]
[WhiteElo "2182"]
[BlackElo "1938"]
[PlyCount "69"]
[EventDate "2016.10.15"]
[EventType "swiss"]
[EventRounds "9"]
[EventCountry "RUS"]

1. e4 c5 2. c3 d5 3. exd5 Qxd5 4. Nf3 Nf6 5. d4 Bg4 6. Nbd2 Nc6 7. Bc4 Qd6 8.
h3 Bh5 9. Qb3 Nd7 10. Ng5 e6 11. Nde4 Qc7 12. Bxe6 fxe6 13. Nxe6 Qb6 14. Qd5
Bf7 15. Nxg7+ Kd8 16. Qxf7 Bxg7 17. dxc5 Qa6 18. Bg5+ Kc7 19. Qxg7 Rae8 20.
Bf4+ Kc8 21. O-O-O Ne7 22. Nd6+ Kd8 23. Qd4 Qc6 24. Nxe8 Rxe8 25. Rhe1 Rg8 26.
Qe5 Nc8 27. Bg5+ Rxg5 28. Qxg5+ Kc7 29. Re8 Kb8 30. Qd8 Nxc5 31. Qxc8+ Qxc8 32.
Rxc8+ Kxc8 33. Rd4 b5 34. Kc2 a6 35. Rh4 1-0

[Event "Chigorin Memorial"]
[Site "St Petersburg"]
[Date "2016.10.21"]
[Round "7.123"]
[White "Rozycki, Bartlomiej"]
[Black "Nuritdinov, Nizomiddin"]
[Result "1/2-1/2"]
[WhiteElo "2170"]
[BlackElo "1865"]
[PlyCount "82"]
[EventDate "2016.10.15"]
[EventType "swiss"]
[EventRounds "9"]
[EventCountry "RUS"]

1. d4 Nf6 2. c4 e6 3. Nc3 d5 4. cxd5 exd5 5. Bg5 c6 6. Qc2 h6 7. Bh4 Be7 8. e3
Ne4 9. Bxe7 Qxe7 10. Nxe4 dxe4 11. Ne2 Na6 12. a3 Nc7 13. Nc3 f5 14. Bc4 Be6
15. Qb3 Bxc4 16. Qxc4 Rd8 17. O-O Nd5 18. Nxd5 Rxd5 19. f3 O-O 20. fxe4 Qxe4
21. Qb3 f4 22. exf4 Qxd4+ 23. Kh1 Rxf4 24. Qxb7 Rdf5 25. Rxf4 Qxf4 26. h3 Qe4
27. Rc1 Rf6 28. Qxa7 Qe2 29. b4 Rg6 30. Qg1 Qb2 31. Rb1 Qxa3 32. b5 cxb5 33.
Rxb5 Qa2 34. Rf5 Qa8 35. Qf2 Qb7 36. Kh2 Qb8+ 37. Kg1 Qb7 38. Rf8+ Kh7 39. Qa2
Qb6+ 40. Kh1 Qe6 41. Qxe6 Rxe6 1/2-1/2

[Event "Chigorin Memorial"]
[Site "St Petersburg"]
[Date "2016.10.21"]
[Round "7.124"]
[White "Ismailov, Ulugbek"]
[Black "Privalov, Igor"]
[Result "0-1"]
[WhiteElo "1895"]
[BlackElo "2163"]
[PlyCount "96"]
[EventDate "2016.10.15"]
[EventType "swiss"]
[EventRounds "9"]
[EventCountry "RUS"]

1. d4 Nf6 2. c4 g6 3. Nc3 Bg7 4. e4 O-O 5. f3 d6 6. Be3 c5 7. Nge2 Nc6 8. d5
Ne5 9. Ng3 e6 10. Be2 exd5 11. cxd5 a6 12. a4 Bd7 13. a5 b5 14. axb6 Qxb6 15.
Ra2 Bb5 16. O-O Bxe2 17. Qxe2 Qb3 18. Ra3 Qc4 19. Qc2 Nfd7 20. Rfa1 Nd3 21. Nf1
Nb4 22. Qd1 Ne5 23. f4 Nd7 24. Nd2 Qd3 25. Na2 Qb5 26. Nc3 Qb8 27. Nc4 Nb6 28.
Na5 Qc7 29. Qd2 Rfe8 30. Rc1 Rad8 31. Rb3 Nd7 32. Nc4 Nf6 33. e5 dxe5 34. d6
Qc8 35. Nxe5 Qe6 36. Ra3 Rxd6 37. Qf2 Ng4 38. Nxg4 Qxg4 39. Bxc5 Nd3 40. Qd2
Bd4+ 41. Bxd4 Nxc1 42. Qxc1 Rxd4 43. g3 Red8 44. Qe3 Qh3 45. Ra1 Rd2 46. Qf3
Qxh2+ 47. Kf1 Qh3+ 48. Kg1 R8d3 0-1

[Event "Chigorin Memorial"]
[Site "St Petersburg"]
[Date "2016.10.21"]
[Round "7.125"]
[White "Yakimenko, Viktoria"]
[Black "Zhemchuzhina, Elizaveta"]
[Result "1-0"]
[WhiteElo "2160"]
[BlackElo "1825"]
[PlyCount "113"]
[EventDate "2016.10.15"]
[EventType "swiss"]
[EventRounds "9"]
[EventCountry "RUS"]

1. e4 c5 2. Nf3 e6 3. d4 cxd4 4. Nxd4 Nf6 5. Nc3 Bb4 6. e5 Nd5 7. Bd2 Bxc3 8.
bxc3 O-O 9. Bd3 d6 10. exd6 Qxd6 11. O-O e5 12. Nb5 Qc6 13. c4 Nf6 14. Bb4 Re8
15. Re1 Be6 16. Rxe5 Nbd7 17. Re1 Bxc4 18. Rxe8+ Nxe8 19. Nxa7 Qd5 20. Bxc4
Qxc4 21. Qxd7 Qxb4 22. Nc8 Nf6 23. Qd8+ Qf8 24. Ne7+ Kh8 25. Qxf8+ Rxf8 26. Rb1
Rd8 27. f3 Rd7 28. Nf5 g6 29. Ne3 Kg7 30. Kf2 Kf8 31. a3 Ke7 32. Ke2 Rc7 33. c4
Kd7 34. Rb6 Ne8 35. Kd3 Nd6 36. Kd4 Rc6 37. Rb4 b6 38. g4 h6 39. h3 Nc8 40. f4
Ne7 41. Rb5 Re6 42. Kd3 Kc6 43. Nc2 Kc7 44. Re5 Rd6+ 45. Nd4 Nc6 46. Rd5 Rxd5
47. cxd5 Ne7 48. Nb5+ Kd7 49. Kd4 f6 50. Nc3 f5 51. g5 hxg5 52. fxg5 Kd6 53.
Nb5+ Kd7 54. Ke5 f4 55. Nd4 b5 56. h4 Ng8 57. d6 1-0

[Event "Chigorin Memorial"]
[Site "St Petersburg"]
[Date "2016.10.21"]
[Round "7.126"]
[White "Rubtsov, Aleksandr"]
[Black "Hakobyan, Hovhannes H"]
[Result "0-1"]
[WhiteElo "1844"]
[BlackElo "2136"]
[PlyCount "88"]
[EventDate "2016.10.15"]
[EventType "swiss"]
[EventRounds "9"]
[EventCountry "RUS"]

1. e4 c5 2. Nf3 Nc6 3. d4 cxd4 4. Nxd4 g6 5. c4 Bg7 6. Be3 Nf6 7. Nc3 d6 8. Be2
O-O 9. O-O Bd7 10. Nc2 a5 11. b3 Nb4 12. Bd4 Nxc2 13. Qxc2 Bc6 14. f3 Nd7 15.
Bxg7 Kxg7 16. Nd5 Bxd5 17. exd5 Qb6+ 18. Kh1 Qd4 19. Rad1 Qf6 20. f4 Nc5 21. g3
Rfe8 22. Bg4 Ra6 23. h4 Rb6 24. f5 Qe5 25. Rf4 a4 26. Rdf1 axb3 27. axb3 f6 28.
R4f3 Ra8 29. fxg6 hxg6 30. Rb1 Rba6 31. b4 Ra2 32. Qd1 Ne4 33. Qg1 Ra1 34. Kh2
R8a2+ 35. Kh3 Nf2+ 36. Rxf2 Rxb1 37. Qxb1 Rxf2 38. Qd3 Qe1 39. Bf3 Rd2 40. Qe4
Qxe4 41. Bxe4 Rd4 42. Bf3 Rxc4 43. b5 Rc5 44. b6 Rb5 0-1

[Event "Chigorin Memorial"]
[Site "St Petersburg"]
[Date "2016.10.21"]
[Round "7.127"]
[White "Chibukhchyan, Erik"]
[Black "Shadunts, Kirill"]
[Result "1-0"]
[WhiteElo "2135"]
[BlackElo "1787"]
[PlyCount "139"]
[EventDate "2016.10.15"]
[EventType "swiss"]
[EventRounds "9"]
[EventCountry "RUS"]

1. c4 e6 2. Nc3 d5 3. cxd5 exd5 4. d4 c6 5. Nf3 Bd6 6. Bg5 f6 7. Bh4 Ne7 8. e3
O-O 9. Bd3 Bf5 10. O-O Re8 11. Bg3 Bxg3 12. hxg3 Nd7 13. a3 Nf8 14. b4 b5 15.
a4 a6 16. Re1 Qd6 17. Rb1 Bxd3 18. Qxd3 Nc8 19. e4 Nb6 20. e5 fxe5 21. dxe5 Qd7
22. Nd4 Nc4 23. f4 Ne6 24. Nxe6 Rxe6 25. Qd4 Rg6 26. axb5 axb5 27. Ra1 Rf8 28.
Ra7 Qg4 29. Nxd5 cxd5 30. Qxd5+ Qe6 31. Qxe6+ Rxe6 32. Rb7 g5 33. Rf1 Rb6 34.
Rd7 Rf5 35. Re1 Re6 36. Re4 gxf4 37. gxf4 Nxe5 38. fxe5 Rexe5 39. Rxe5 Rxe5 40.
Rb7 h5 41. Kh2 Kf8 42. Kg3 Ke8 43. Kf4 Rd5 44. Ke4 Rg5 45. Kd4 h4 46. Rh7 Rxg2
47. Rxh4 Kd7 48. Kc5 Rg5+ 49. Kb6 Rf5 50. Rh6 Rg5 51. Rh7+ Kd8 52. Kc6 Rf5 53.
Rh8+ Ke7 54. Rb8 Rf6+ 55. Kxb5 Kd7 56. Rb6 Rf4 57. Rh6 Kc7 58. Rh7+ Kb8 59. Ka5
Rf2 60. b5 Rf1 61. Ka6 Rf2 62. Rh8+ Kc7 63. b6+ Kc6 64. Rh6+ Kd7 65. Ka7 Ra2+
66. Kb7 Rb2 67. Kb8 Rb1 68. b7 Rb2 69. Ka7 Kc7 70. b8=Q+ 1-0

[Event "Chigorin Memorial"]
[Site "St Petersburg"]
[Date "2016.10.21"]
[Round "7.128"]
[White "Navrodskiy, Boris"]
[Black "Zakharov, Yuri"]
[Result "1-0"]
[WhiteElo "2099"]
[BlackElo "1689"]
[PlyCount "93"]
[EventDate "2016.10.15"]
[EventType "swiss"]
[EventRounds "9"]
[EventCountry "RUS"]

1. d4 Nf6 2. c4 g6 3. Nc3 Bg7 4. e4 O-O 5. Nf3 d6 6. Be2 Nbd7 7. O-O e5 8. Re1
c6 9. Bf1 Qc7 10. d5 Re8 11. Bd2 c5 12. a3 Nf8 13. b4 b6 14. Rb1 a6 15. bxc5
bxc5 16. Na4 N6d7 17. Bc3 Bh6 18. Bd3 Rb8 19. Re2 Rxb1 20. Qxb1 Bb7 21. Qe1 Bc8
22. Ba5 Qa7 23. Qb1 Bg7 24. Rb2 Bf6 25. Qc1 Kg7 26. Nd2 Bg5 27. Qc3 Bd8 28. Nb3
Bc7 29. Bxc7 Qxc7 30. Qa5 Qd8 31. Qxd8 Rxd8 32. Na5 Kf6 33. g3 g5 34. Bc2 Kg7
35. Nb6 Nxb6 36. Rxb6 Ng6 37. Nb7 Bxb7 38. Rxb7 Nf8 39. Rb6 Kf6 40. Rxa6 Rb8
41. Rxd6+ Ke7 42. Rc6 Nd7 43. Ba4 Ra8 44. Bb5 Ra7 45. a4 h5 46. f3 g4 47. Kf2
1-0

[Event "Chigorin Memorial"]
[Site "St Petersburg"]
[Date "2016.10.21"]
[Round "7.129"]
[White "Tarnopolskiy, Lev"]
[Black "Svidinsky, Dmitry"]
[Result "0-1"]
[WhiteElo "1913"]
[BlackElo "2099"]
[PlyCount "74"]
[EventDate "2016.10.15"]
[EventType "swiss"]
[EventRounds "9"]
[EventCountry "RUS"]

1. d4 Nf6 2. Nf3 d5 3. Bf4 e6 4. e3 c5 5. c4 Nc6 6. Nc3 cxd4 7. Nxd4 Bb4 8. Nc2
Bxc3+ 9. bxc3 Qa5 10. Qd3 e5 11. cxd5 Nxd5 12. Bg3 O-O 13. Be2 Nxc3 14. O-O Rd8
15. Nd4 Nxe2+ 16. Qxe2 exd4 17. e4 d3 18. Qe3 Be6 19. Kh1 Rac8 20. f4 f6 21.
Bh4 Qh5 22. Qg3 Qg4 23. Qf2 g5 24. Bg3 Qe2 25. Qc5 d2 26. Rad1 Qxf1+ 27. Rxf1
d1=Q 28. Qg1 Qg4 29. fxg5 Nd4 30. Qf2 Qe2 31. Qf4 Rc2 32. Rg1 f5 33. g6 Qg4 34.
gxh7+ Kxh7 35. Qe5 Qxe4 36. Qf6 Bd5 37. Be5 Qxg2+ 0-1

[Event "Chigorin Memorial"]
[Site "St Petersburg"]
[Date "2016.10.21"]
[Round "7.130"]
[White "Tsao, Yui"]
[Black "Myshkovskiy, Sviatoslav"]
[Result "0-1"]
[WhiteElo "1768"]
[BlackElo "2093"]
[PlyCount "140"]
[EventDate "2016.10.15"]
[EventType "swiss"]
[EventRounds "9"]
[EventCountry "RUS"]

1. b3 Nf6 2. Bb2 g6 3. e4 c5 4. Nf3 d6 5. Be2 Bg7 6. O-O Nc6 7. d3 O-O 8. Na3
Bd7 9. Nc4 b5 10. Ne3 e5 11. a4 bxa4 12. bxa4 Rb8 13. Bc1 Nd4 14. Nxd4 cxd4 15.
Nc4 Ne8 16. f4 Be6 17. Nd2 f5 18. Nf3 exf4 19. Bxf4 fxe4 20. Ng5 Rxf4 21. Nxe6
Rxf1+ 22. Qxf1 Qe7 23. Nxg7 Kxg7 24. dxe4 Qxe4 25. Bd3 Qe3+ 26. Kh1 Rb7 27. Re1
Rf7 28. Qg1 Qxg1+ 29. Kxg1 Nf6 30. Bc4 Rb7 31. Bb5 Rc7 32. Bd3 Kf7 33. Kf2 Ng4+
34. Kg3 Ne3 35. Re2 Ke6 36. Rf2 Ke5 37. Kh4 Nf5+ 38. Kg4 Rf7 39. Kh3 h5 40. g4
hxg4+ 41. Kxg4 Ne3+ 42. Kg3 Rxf2 43. Kxf2 g5 44. Kf3 a5 45. h3 d5 46. Bg6 Kf6
47. Bd3 Nc4 48. Ke2 Ne5 49. Bh7 Ke6 50. Bg8+ Kd6 51. Kd2 Kc5 52. Be6 Nc4+ 53.
Ke2 Nb6 54. Kf3 Kd6 55. Bf7 Nxa4 56. Be8 Nc3 57. Kg4 Ne4 58. Kf5 Nf2 59. Kxg5
Nxh3+ 60. Kg4 Nf2+ 61. Kf3 Nd1 62. Ke2 Nc3+ 63. Kd3 Kc5 64. Kd2 a4 65. Kc1 a3
66. Bf7 Na2+ 67. Kd2 Nb4 68. Kc1 Kc4 69. Bg6 Kc3 70. Kb1 Nxc2 0-1

[Event "Chigorin Memorial"]
[Site "St Petersburg"]
[Date "2016.10.21"]
[Round "7.131"]
[White "Yun, Vyacheslav"]
[Black "Nasibullin, Iskander"]
[Result "0-1"]
[WhiteElo "1766"]
[BlackElo "2085"]
[PlyCount "112"]
[EventDate "2016.10.15"]
[EventType "swiss"]
[EventRounds "9"]
[EventCountry "RUS"]

1. e4 c5 2. Nf3 e6 3. d4 cxd4 4. Nxd4 Nf6 5. Nc3 Bb4 6. Bd3 e5 7. Nf5 O-O 8.
O-O Bxc3 9. bxc3 d5 10. Ng3 dxe4 11. Nxe4 Nxe4 12. Bxe4 Qc7 13. Qf3 Nc6 14.
Bxc6 Qxc6 15. Qxc6 bxc6 16. Be3 Bf5 17. Rfd1 Bxc2 18. Rd7 a6 19. Rc7 Be4 20. c4
Rfc8 21. Rxc8+ Rxc8 22. Rd1 Bf5 23. h3 Be6 24. Rc1 f6 25. a3 Rb8 26. Bc5 a5 27.
Kf1 Rb2 28. Ke1 Kf7 29. Be3 Bf5 30. Rc3 Be4 31. f3 Bb1 32. Bd2 a4 33. Kd1 Ba2
34. Ke2 Bb3 35. Ke1 Ra2 36. Rd3 Ke6 37. g4 Bxc4 38. Rc3 Kd5 39. Be3 Re2+ 40.
Kd1 Rh2 41. Ke1 Rxh3 42. Kf2 Rh2+ 43. Kg3 Re2 44. Bf2 Bb5 45. Rc1 Rd2 46. Bc5
Ke6 47. Bf8 Kf7 48. Bb4 Rd3 49. Rh1 Kg6 50. Re1 Bc4 51. Bc5 Bd5 52. Re3 Rd2 53.
Rc3 h5 54. gxh5+ Kxh5 55. Bf8 f5 56. f4 g5 0-1

[Event "Chigorin Memorial"]
[Site "St Petersburg"]
[Date "2016.10.21"]
[Round "7.132"]
[White "Andrijashkin, Deniss"]
[Black "Slugin, Yaroslav"]
[Result "1-0"]
[WhiteElo "1661"]
[BlackElo "2081"]
[PlyCount "57"]
[EventDate "2016.10.15"]
[EventType "swiss"]
[EventRounds "9"]
[EventCountry "RUS"]

1. e4 c5 2. Nf3 Nc6 3. Nc3 e6 4. Bb5 Qc7 5. O-O d6 6. d4 cxd4 7. Nxd4 Bd7 8.
Be3 Nf6 9. f4 Be7 10. Qf3 O-O 11. Bxc6 bxc6 12. g4 c5 13. Nde2 Rfb8 14. g5 Ne8
15. Qh5 g6 16. Qh4 f5 17. exf5 gxf5 18. Rf3 Bc6 19. Rh3 Bd8 20. Kf2 Qg7 21. Rb1
Nc7 22. Ng3 Nd5 23. Nh5 Qg6 24. Nxd5 Bxd5 25. Nf6+ Bxf6 26. gxf6 Qg2+ 27. Ke1
Kf8 28. Rg3 Qxc2 29. Rg8+ 1-0

[Event "Chigorin Memorial"]
[Site "St Petersburg"]
[Date "2016.10.21"]
[Round "7.133"]
[White "Pavlov, Mikhail"]
[Black "Yanko, Ivan"]
[Result "0-1"]
[WhiteElo "1645"]
[BlackElo "2060"]
[PlyCount "72"]
[EventDate "2016.10.15"]
[EventType "swiss"]
[EventRounds "9"]
[EventCountry "RUS"]

1. e4 c5 2. Nf3 d6 3. d4 cxd4 4. Nxd4 Nf6 5. Nc3 a6 6. Be2 e5 7. Nb3 Be6 8. O-O
Be7 9. f4 O-O 10. Kh1 b5 11. f5 Bd7 12. g4 h6 13. Bf3 Bc6 14. Be3 Nbd7 15. Nd5
Bxd5 16. exd5 Nh7 17. Nd2 Rc8 18. c3 Nb6 19. Qb3 Ng5 20. Bg2 Nc4 21. Nxc4 Rxc4
22. h3 Ne4 23. Kh2 Bg5 24. Bxg5 Qxg5 25. Qc2 Nf6 26. Qe2 h5 27. gxh5 Nxh5 28.
Bf3 Qg3+ 29. Kh1 Qxh3+ 30. Kg1 Ng3 31. Qg2 Qxg2+ 32. Bxg2 Nxf1 33. Bxf1 Rf4 34.
Bd3 e4 35. Bc2 Re8 36. Re1 Rxf5 0-1

[Event "Chigorin Memorial"]
[Site "St Petersburg"]
[Date "2016.10.21"]
[Round "7.134"]
[White "Protasova, Anastasia"]
[Black "Shubin, Alexey"]
[Result "0-1"]
[WhiteElo "1847"]
[BlackElo "2141"]
[PlyCount "82"]
[EventDate "2016.10.15"]
[EventType "swiss"]
[EventRounds "9"]
[EventCountry "RUS"]

1. d4 d5 2. c4 e6 3. Nf3 c6 4. e3 f5 5. Bd3 Bd6 6. O-O Nh6 7. b3 Qe7 8. Bb2 Nd7
9. Nbd2 O-O 10. Ne5 Nxe5 11. dxe5 Bc5 12. Qc2 Bd7 13. a3 a5 14. Nf3 g5 15. Nd4
Rfc8 16. Qe2 Be8 17. Rfc1 g4 18. Rc2 Bg6 19. Rac1 Bxa3 20. Bxa3 Qxa3 21. Nxe6
Qe7 22. cxd5 Bf7 23. e4 Bxe6 24. dxe6 f4 25. Qd2 Rd8 26. Qxf4 Rxd3 27. Qxh6
Rad8 28. g3 Rxb3 29. Ra1 Re8 30. Rxa5 Qxe6 31. Qc1 Qg6 32. Re2 Rb4 33. Qe3 Qh5
34. Qd3 Qg5 35. Rd2 Qe7 36. Qe2 Qg5 37. Qd3 Qe7 38. Qe3 Rb1+ 39. Kg2 Rf8 40.
Qh6 Qf7 41. Ra3 Qc4 0-1

[Event "Chigorin Memorial"]
[Site "St Petersburg"]
[Date "2016.10.21"]
[Round "7.135"]
[White "Barchuk, Irina"]
[Black "Don, Aleksandr"]
[Result "1-0"]
[WhiteElo "2126"]
[BlackElo "1856"]
[PlyCount "55"]
[EventDate "2016.10.15"]
[EventType "swiss"]
[EventRounds "9"]
[EventCountry "RUS"]

1. e4 c5 2. Nf3 e6 3. d4 cxd4 4. Nxd4 Nf6 5. Nc3 Nc6 6. Be3 Bb4 7. f3 d5 8.
Nxc6 bxc6 9. exd5 exd5 10. Qd4 Qe7 11. O-O-O c5 12. Bb5+ Kf8 13. Qf4 d4 14. Bc6
Nh5 15. Qg5 Rb8 16. Nd5 Qd6 17. Nxb4 Rxb4 18. c3 Rb6 19. Ba4 Nf6 20. cxd4 c4
21. Qc5 Ke7 22. Rhe1 Be6 23. d5 Nxd5 24. Rxd5 Qxc5 25. Bxc5+ Kf6 26. Bd4+ Kg6
27. Bc2+ f5 28. Rxe6+ 1-0

[Event "Chigorin Memorial"]
[Site "St Petersburg"]
[Date "2016.10.21"]
[Round "7.136"]
[White "Veselov, Andrey"]
[Black "Terekhov, Dmitriy"]
[Result "1-0"]
[WhiteElo "2122"]
[BlackElo "1844"]
[PlyCount "59"]
[EventDate "2016.10.15"]
[EventType "swiss"]
[EventRounds "9"]
[EventCountry "RUS"]

1. e4 c5 2. Nf3 Nc6 3. d4 cxd4 4. Nxd4 Nf6 5. Nc3 e5 6. Ndb5 d6 7. Bg5 a6 8.
Na3 b5 9. Nd5 Be7 10. Bxf6 Bxf6 11. c3 O-O 12. Nc2 Bg5 13. a4 bxa4 14. Rxa4 a5
15. Bc4 Rb8 16. b3 Kh8 17. O-O f5 18. exf5 Bxf5 19. Nde3 Bg6 20. Qe2 Qb6 21.
Nd5 Qc5 22. Nc7 Bxc2 23. Ne6 Qb6 24. Qxc2 Be7 25. Nxf8 Bxf8 26. Qe4 g6 27. Rd1
Ne7 28. g3 Qc5 29. Rda1 Nc6 30. Qd5 1-0

[Event "Chigorin Memorial"]
[Site "St Petersburg"]
[Date "2016.10.21"]
[Round "7.137"]
[White "Tersinsev, Andrey"]
[Black "Smirnov, Dmitrii"]
[Result "1-0"]
[WhiteElo "2107"]
[BlackElo "1849"]
[PlyCount "55"]
[EventDate "2016.10.15"]
[EventType "swiss"]
[EventRounds "9"]
[EventCountry "RUS"]

1. d4 d5 2. c4 e6 3. Nc3 Nf6 4. cxd5 exd5 5. Bg5 Be7 6. e3 Nbd7 7. Qc2 c6 8.
Bd3 O-O 9. Nge2 Re8 10. O-O Nf8 11. f3 Qd7 12. e4 dxe4 13. fxe4 Ng4 14. Bxe7
Qc7 15. e5 Rxe7 16. Rf3 Be6 17. h3 Nh6 18. g4 Kh8 19. Nf4 Qb6 20. Qf2 Rd8 21.
g5 Ng8 22. Nce2 Qxb2 23. Rf1 g6 24. Qh4 Qb6 25. Nxe6 Rxe6 26. Rxf7 Qb4 27.
Rxh7+ Nxh7 28. Rf7 1-0

[Event "Chigorin Memorial"]
[Site "St Petersburg"]
[Date "2016.10.21"]
[Round "7.138"]
[White "Aseev, Vladimir"]
[Black "Pilchin, Uri"]
[Result "1-0"]
[WhiteElo "2087"]
[BlackElo "1839"]
[PlyCount "105"]
[EventDate "2016.10.15"]
[EventType "swiss"]
[EventRounds "9"]
[EventCountry "RUS"]

1. d4 d5 2. c4 e6 3. Nc3 Nf6 4. cxd5 exd5 5. Bg5 c6 6. e3 Be7 7. Bd3 Nbd7 8.
Qc2 O-O 9. Nf3 Re8 10. O-O Nf8 11. Ne5 Ne4 12. Bf4 f6 13. Nf3 g5 14. Bg3 g4 15.
Bxe4 dxe4 16. Nd2 f5 17. Ne2 Ng6 18. Nf4 Nxf4 19. Bxf4 Bg5 20. Be5 Be6 21. Nb3
Bf6 22. Bg3 Bd5 23. Nc5 Qe7 24. Rac1 Rac8 25. b4 h5 26. a3 Kf7 27. Bf4 Rg8 28.
Qa4 a6 29. Qa5 Bg5 30. Be5 Bf6 31. Bxf6 Kxf6 32. Qb6 Rg7 33. Na4 h4 34. Nc3 Be6
35. d5 Bg8 36. Rfd1 Qc7 37. Qc5 Qe5 38. b5 axb5 39. Nxb5 Rd8 40. Qb6 Rgd7 41.
Nd4 Bxd5 42. Rc5 g3 43. fxg3 hxg3 44. Rf1 gxh2+ 45. Kh1 Kg6 46. Rf4 Rf8 47. Qb4
b6 48. Rxd5 Qxd5 49. Qxf8 Rf7 50. Qg8+ Kh5 51. g4+ Kh6 52. Qh8+ Kg6 53. gxf5+
1-0

[Event "Chigorin Memorial"]
[Site "St Petersburg"]
[Date "2016.10.21"]
[Round "7.139"]
[White "Khlopushin, Dmitriy"]
[Black "Altshul, Raffael"]
[Result "0-1"]
[WhiteElo "1824"]
[BlackElo "2044"]
[PlyCount "128"]
[EventDate "2016.10.15"]
[EventType "swiss"]
[EventRounds "9"]
[EventCountry "RUS"]

1. e4 c5 2. c3 g6 3. d4 cxd4 4. cxd4 d5 5. exd5 Nf6 6. Nf3 Nxd5 7. Nc3 Bg7 8.
Bb5+ Bd7 9. Be2 Bc6 10. O-O O-O 11. Re1 Nd7 12. Nxd5 Bxd5 13. Bf4 Rc8 14. Qd2
Re8 15. Rac1 Qb6 16. Ne5 Nxe5 17. dxe5 Rcd8 18. Qc2 Bxa2 19. Qa4 Bd5 20. Bb5
Rf8 21. b4 a6 22. Bd7 Be6 23. Bxe6 Qxe6 24. Qa3 Rd5 25. Qg3 Rb5 26. Rb1 Rd8 27.
Red1 Rxd1+ 28. Rxd1 h6 29. Qh4 Kh7 30. g4 Rxb4 31. Qg3 g5 32. Qd3+ Qg6 33.
Qxg6+ Kxg6 34. Bg3 Rxg4 35. Rd7 Rb4 36. Rxe7 a5 37. e6 fxe6 38. Rxe6+ Kf7 39.
Re3 a4 40. Bd6 Rb3 41. Re7+ Kg6 42. Re4 b5 43. Bc5 a3 44. Re6+ Kf5 45. Ra6 b4
46. Bxb4 Rxb4 47. Rxa3 Bd4 48. Kg2 Bb6 49. h3 Rf4 50. Ra2 Kg6 51. Rb2 Bd4 52.
Rc2 Kh5 53. Re2 Kh4 54. f3 Kh5 55. Re6 Bc3 56. Rc6 Bb4 57. Re6 Rd4 58. Kh1 Rd2
59. Rf6 Kh4 60. Kg1 Kg3 61. Kf1 Rf2+ 62. Kg1 Rxf3 63. Rxf3+ Kxf3 64. h4 g4 0-1

[Event "Chigorin Memorial"]
[Site "St Petersburg"]
[Date "2016.10.21"]
[Round "7.140"]
[White "Muhtarov, Leonid"]
[Black "Vorobyova, Valeriya"]
[Result "0-1"]
[WhiteElo "2044"]
[BlackElo "1830"]
[PlyCount "76"]
[EventDate "2016.10.15"]
[EventType "swiss"]
[EventRounds "9"]
[EventCountry "RUS"]

1. Nf3 Nf6 2. g3 d5 3. Bg2 g6 4. O-O Bg7 5. d3 O-O 6. Nbd2 c5 7. e4 Nc6 8. c3
Bg4 9. Qb3 dxe4 10. dxe4 Qb6 11. Qc2 Rad8 12. Re1 Bxf3 13. Nxf3 Ng4 14. Nd2
Nce5 15. Bf1 Bh6 16. Kg2 Qf6 17. Nc4 Qf3+ 18. Kg1 Rd2 19. Qxd2 Bxd2 20. Re2
Nxc4 21. Bxd2 Rd8 22. Be1 Nce5 23. h3 Nf6 24. Re3 Rd1 25. Rxd1 Qxd1 26. f4 Nf3+
27. Kf2 Nxe1 28. Rxe1 Qc2+ 29. Re2 Nxe4+ 30. Kg1 Qd3 31. Rg2 Qe3+ 32. Kh2 Qe1
33. Bc4 Nf2 34. Rg1 Qe4 35. Bf1 Qe3 36. Bg2 Qe2 37. b4 cxb4 38. cxb4 Qxa2 0-1

[Event "Chigorin Memorial"]
[Site "St Petersburg"]
[Date "2016.10.21"]
[Round "7.141"]
[White "Anu, Bayar"]
[Black "Levi, Netanel"]
[Result "1-0"]
[WhiteElo "2038"]
[BlackElo "1789"]
[PlyCount "97"]
[EventDate "2016.10.15"]
[EventType "swiss"]
[EventRounds "9"]
[EventCountry "RUS"]

1. d4 d6 2. c4 e5 3. e3 Nf6 4. Nc3 g6 5. Bd3 Bg7 6. Nge2 O-O 7. f3 exd4 8. exd4
c5 9. d5 Nbd7 10. f4 Re8 11. h3 Nh5 12. O-O Qh4 13. Ne4 Ndf6 14. Ng5 Bxh3 15.
Nxh3 Rxe2 16. Bxe2 Ng3 17. Be3 Re8 18. Bf2 Nfe4 19. Bxg3 Nxg3 20. Bf3 Nxf1 21.
Qxf1 g5 22. g3 Qxg3+ 23. Qg2 Re1+ 24. Rxe1 Qxe1+ 25. Kh2 gxf4 26. Qf2 Qc1 27.
b3 Bd4 28. Qg2+ Kf8 29. Ng5 Qb1 30. Be4 Qe1 31. Nxh7+ Ke7 32. Ng5 Bf2 33. Bf3
f5 34. Bh5 Kd7 35. Bg6 Bg3+ 36. Kh3 Kc7 37. Bxf5 Qe7 38. Kg4 Bh4 39. Kxh4 Qe5
40. Qe4 Qh8+ 41. Kg4 Kb6 42. Qe6 Ka5 43. Qd7 a6 44. Qxd6 b6 45. Qxf4 b5 46.
Qd2+ b4 47. d6 Qg8 48. d7 Qd8 49. Qe3 1-0

[Event "Chigorin Memorial"]
[Site "St Petersburg"]
[Date "2016.10.21"]
[Round "7.142"]
[White "Kvachko, Anastasiya"]
[Black "Tukaeva, Adelya"]
[Result "0-1"]
[WhiteElo "1780"]
[BlackElo "2025"]
[PlyCount "64"]
[EventDate "2016.10.15"]
[EventType "swiss"]
[EventRounds "9"]
[EventCountry "RUS"]

1. e4 c5 2. c3 Nf6 3. e5 Nd5 4. g3 d6 5. exd6 Qxd6 6. Bg2 Nc6 7. Nf3 Qe6+ 8.
Qe2 Qxe2+ 9. Kxe2 Bg4 10. h3 Bh5 11. d3 f6 12. Na3 O-O-O 13. g4 Bf7 14. Rd1 e5
15. Nc2 Bd6 16. d4 exd4 17. cxd4 Nf4+ 18. Kf1 Nxg2 19. Kxg2 Bg6 20. Nce1 cxd4
21. g5 Be4 22. gxf6 gxf6 23. Kf1 Bf5 24. h4 Bh3+ 25. Kg1 Rhg8+ 26. Kh1 Bg4 27.
Bd2 Be6 28. Rac1 Bd5 29. Ba5 Rde8 30. Rd3 Kb8 31. Rxc6 Bxc6 32. Ng2 Rg4 0-1